00642nam a2200217Ia 450000500170000000800410001704000190005804100120007708200190008910000160010824500280012426000280015230000120018050400400019265000190023265100350025185000100028694200070029699900160030395201050031920221119110143.0131103s9999 xx 000 0 und d aLoreto College aEnglish a821.7bWOR-BUR aBurra,Peter aWordsworthcPeter Burra aLondonbDuckworthc1950 a160 p.  aIncludes bibliographical references aEnglish Poetry a18th century poet - Wordsworth aLCLIB cBK c5935d56414 00102ddc4070aMAINbMAINd2013-11-04l0o821.7 WOR-BUR 10737pB5804r2013-11-04w2013-11-04yBKf